| 000 | 00458pab a2200169 454500 | ||
|---|---|---|---|
| 008 | 180718b1997 xxu||||| |||| 00| 0 eng d | ||
| 100 | _aAllcorn, Seth | ||
| 245 | _aParallel virtual organizations: managing and working in the virtual workplace | ||
| 260 | _c1997 | ||
| 300 | _ap.412-39 | ||
| 362 | _aSep | ||
| 650 | _aManagement | ||
| 650 | _aOrganizations | ||
| 650 | _aInformation technology | ||
| 773 | _aAdministration and Society | ||
| 909 | _a36579 | ||
| 999 |
_c36579 _d36579 |
||